Estadísticas para Países Americanos con los Nombres más Cortos

Haz click aquí para tomar la prueba!

Estadísticas generales

  • Esta prueba ha sido tomada 6.572 veces
  • La puntuación promedio es 9 de 10

Estadísticas de respuestas

País% Correcto
Perú
96%
Chile
95%
Brasil
93%
Cuba
92%
México
86%
Haití
85%
Canadá
82%
Panamá
81%
Belice
80%
Guyana
75%

Distribución de puntuación

Porcentaje por número respondido

Porcentaje de gente con cada puntuación

Historial de tus puntuaciones

No has tomado esta prueba